[Event "Junior Online 4NCL Division 5"]
[Site "online"]
[Date "2021.04.15"]
[EventDate "2021.04.15"]
[Round "7.106"]
[White "Wieleba, Hugo"]
[WhiteElo "1384"]
[WhiteTeam "Wanstead Warriors 2"]
[Black "Devalia, Aadishesh"]
[BlackElo "1452"]
[BlackTeam "Chess Challengers E"]
[Result "1/2-1/2"]
[PlyCount "199"]

1. c4 c5 2. g3 g6 3. Bg2 Bg7 4. Nc3 e5 5. d3 Nc6 6. Nf3 Nge7 7. O-O O-O 8. Bg5 d6 9. Nd5 Bf5 10. Bxe7 Nxe7 11. Nxe7+ Qxe7 12. Qd2 Qd7 13. Nh4 Bh3 14. Qg5 Bxg2 15. Nxg2 f5 16. e3 Rae8 17. Rab1 Qe7 18. Qxe7 Rxe7 19. b4 Rc8 20. Rb3 Rec7 21. Rfb1 b6 22. bxc5 bxc5 23. Rb8 Kf7 24. Rxc8 Rxc8 25. e4 Kf6 26. f4 exf4 27. Nxf4 Bh6 28. Rf1 Bxf4 29. Rxf4 Ke5 30. exf5 gxf5 31. Kf2 Rf8 32. Ke3 Re8 33. d4+ cxd4+ 34. Rxd4 Kf6+ 35. Kf4 Rd8 36. h4 h5 37. Rd5 Rc8 38. Rxf5+ Kg6 39. Rg5+ Kh6 40. Kf5 Rxc4 41. Rg6+ Kh7 42. Rxd6 Rc5+ 43. Ke6 Rc3 44. Rd7+ Kh6 45. Rxa7 Rxg3 46. Kf6 Rg4 47. Ra8 Rg6+ 48. Kf5 Rg4 49. Kf6 Kh7 50. Ra7+ Kh6 51. Ra8 Rf4+ 52. Ke5 Rxh4 53. Rh8+ Kg5 54. Rg8+ Kh6 55. Kf6 Kh7 56. Rg7+ Kh6 57. Rg6+ Kh7 58. Kf5 Rh2 59. Ra6 h4 60. Kg5 h3 61. Kg4 Rh1 62. Kg3 Kg7 63. Ra4 Kf6 64. Rh4 Ra1 65. Rf4+ Kg5 66. Rg4+ Kf5 67. Rh4 Rxa2 68. Rxh3 Ra3+ 69. Kg2 Ra4 70. Rf3+ Ke5 71. Re3+ Kf4 72. Rf3+ Ke4 73. Kg3 Ra7 74. Rf4+ Ke5 75. Rg4 Ra3+ 76. Kf2 Kf5 77. Rd4 Ra2+ 78. Ke3 Ke5 79. Re4+ Kd5 80. Rd4+ Kc5 81. Rd3 Ra4 82. Rc3+ Kb4 83. Rd3 Ka5 84. Rd4 Ra3+ 85. Rd3 Ra1 86. Ke4 Kb4 87. Rd4+ Kc5 88. Rd5+ Kc6 89. Rd3 Ra4+ 90. Ke3 Kc5 91. Ke2 Kc4 92. Ke3 Ra5 93. Rd4+ Kc3 94. Rd3+ Kc2 95. Rd2+ Kc1 96. Rd4 Kc2 97. Rd2+ Kc1 98. Rd4 Re5+ 99. Re4 Ra5 100. Rd4 1/2-1/2

[Event "Junior Online 4NCL Division 5"]
[Site "online"]
[Date "2021.04.15"]
[EventDate "2021.04.15"]
[Round "7.107"]
[White "Madan, Shivank"]
[WhiteElo "1450"]
[WhiteTeam "Chess Challengers E"]
[Black "Mukherjee, Aradhya"]
[BlackElo "1337"]
[BlackTeam "Wanstead Warriors 2"]
[Result "0-1"]
[PlyCount "42"]

1. c4 f5 2. Nf3 Nf6 3. Nc3 g6 4. e3 c5 5. Bd3 Bg7 6. O-O O-O 7. Qb3 b6 8. Bc2 Bb7 9. Ne5 d6 10. Nd3 e5 11. f3 Nbd7 12. Nb5 Kh8 13. Nxd6 Bc6 14. f4 e4 15. Ne5 Nxe5 16. fxe5 Ng4 17. Re1 Bxe5 18. g3 Qxd6 19. d3 Bxg3 20. hxg3 Qxg3+ 21. Kf1 Qf2# 0-1

[Event "Junior Online 4NCL Division 5"]
[Site "online"]
[Date "2021.04.15"]
[EventDate "2021.04.15"]
[Round "7.108"]
[White "Wong, Joseph"]
[WhiteElo "1299"]
[WhiteTeam "Wanstead Warriors 2"]
[Black "Pyla, Akhil"]
[BlackElo "1426"]
[BlackTeam "Chess Challengers E"]
[Result "1-0"]
[PlyCount "47"]

1. e4 d5 2. exd5 Qxd5 3. Nc3 Qa5 4. Nf3 c6 5. Bc4 h6 6. d3 e6 7. Be3 Nf6 8. O-O Bd6 9. Ne4 Nxe4 10. dxe4 b5 11. Bb3 Bc7 12. Qd3 Bd7 13. Rfd1 O-O 14. g3 Bb6 15. Bxb6 axb6 16. Ne5 Bc8 17. a4 bxa4 18. Rxa4 Qxe5 19. Rxa8 Nd7 20. Rxc8 Rxc8 21. Qxd7 Rf8 22. f3 Qxb2 23. Qxc6 Qd4+ 24. Rxd4 1-0

[Event "Junior Online 4NCL Division 5"]
[Site "online"]
[Date "2021.04.15"]
[EventDate "2021.04.15"]
[Round "7.111"]
[White "Cooney, Lorcan"]
[WhiteElo "1255"]
[WhiteTeam "St. Laurence's BNS 1"]
[Black "Nikolov, Alexander"]
[BlackElo "1525"]
[BlackTeam "Desert Penguins Neptune"]
[Result "1-0"]
[PlyCount "73"]

1. e4 c5 2. Nc3 d6 3. Bc4 Nf6 4. d3 a6 5. a4 Nbd7 6. f4 e6 7. Nf3 Be7 8. O-O b6 9. Qe1 Bb7 10. Bd2 O-O 11. Qg3 Kh8 12. e5 Bxf3 13. Rxf3 dxe5 14. fxe5 Nh5 15. Qf2 Nxe5 16. Rh3 Nf6 17. Bg5 Nfg4 18. Qh4 Nf6 19. Bxf6 h6 20. Bxe7 Ng6 21. Bxd8 Nxh4 22. Bxh4 g5 23. Bxg5 Kg7 24. Bxh6+ Kf6 25. Bxf8 Rxf8 26. Rf1+ Ke7 27. Bxa6 Ra8 28. Bb5 Rg8 29. Rh7 Rf8 30. Ne4 Kd8 31. Rhxf7 Rxf7 32. Rxf7 e5 33. h4 Kc8 34. h5 c4 35. h6 Kd8 36. h7 Kc8 37. h8=R# 1-0

[Event "Junior Online 4NCL Division 5"]
[Site "online"]
[Date "2021.04.15"]
[EventDate "2021.04.15"]
[Round "7.112"]
[White "Xu, Owen"]
[WhiteElo "1480"]
[WhiteTeam "Desert Penguins Neptune"]
[Black "Walsh, Conor"]
[BlackElo "800"]
[BlackTeam "St. Laurence's BNS 1"]
[Result "1-0"]
[PlyCount "121"]

1. d4 Nf6 2. c4 g6 3. Nc3 d5 4. cxd5 Nxd5 5. e4 Nxc3 6. bxc3 Bg7 7. Nf3 c5 8. Bb5+ Bd7 9. Bxd7+ Nxd7 10. O-O O-O 11. Qb3 b6 12. Be3 Qc7 13. d5 c4 14. Qb4 a5 15. Qa3 Rab8 16. Bd4 Bxd4 17. Nxd4 e5 18. Nb5 Qc5 19. Qxc5 Nxc5 20. f3 f5 21. Rab1 fxe4 22. fxe4 Rxf1+ 23. Rxf1 Nxe4 24. Rf3 Rf8 25. Re3 Rf4 26. g3 Rg4 27. Kg2 Nc5 28. Rxe5 Re4 29. Rxe4 Nxe4 30. Kf3 Nc5 31. d6 Kf8 32. Ke3 Ke8 33. Kd4 Kd7 34. Kxc4 Kc6 35. a3 a4 36. h3 h5 37. h4 Nd7 38. Kb4 Nc5 39. c4 Nd3+ 40. Kxa4 Nc5+ 41. Kb4 Na6+ 42. Kc3 Nc5 43. Kd4 Nb3+ 44. Ke5 Na5 45. Ke6 Nxc4 46. Na7+ Kb7 47. d7 Kxa7 48. d8=Q Na5 49. Qc7+ Ka6 50. a4 Nb7 51. Qc4+ Ka7 52. Qb4 Nc5+ 53. Kd5 Na6 54. Qe7+ Ka8 55. Kc6 Nb8+ 56. Kb5 g5 57. hxg5 h4 58. gxh4 Nd7 59. Qxd7 Kb8 60. Kxb6 Ka8 61. Qb7# 1-0

[Event "Junior Online 4NCL Division 5"]
[Site "online"]
[Date "2021.04.15"]
[EventDate "2021.04.15"]
[Round "7.113"]
[White "McAuley, Jamie"]
[WhiteElo "700"]
[WhiteTeam "St. Laurence's BNS 1"]
[Black "Donati Plutino, Francesco Rodolfo"]
[BlackElo "993"]
[BlackTeam "Desert Penguins Neptune"]
[Result "0-1"]
[PlyCount "68"]

1. e4 c5 2. Nf3 d6 3. Nc3 e6 4. e5 Nc6 5. Bb5 Ne7 6. Ne4 Ng6 7. d3 Be7 8. exd6 Bxd6 9. Nxd6+ Qxd6 10. Ng5 O-O 11. Qh5 h6 12. Ne4 Qe7 13. Bxh6 gxh6 14. Qxh6 a6 15. Ng5 f6 16. Qxg6+ Qg7 17. Qxg7+ Kxg7 18. Bxc6 bxc6 19. Ne4 f5 20. Nxc5 a5 21. O-O f4 22. Rfe1 Kf7 23. Re4 f3 24. Rf4+ Ke7 25. Rxf3 a4 26. Re1 Ra5 27. Rxf8 Kxf8 28. Nxe6+ Kf7 29. Ng5+ Rxg5 30. Re4 Bh3 31. g3 Rb5 32. Rxa4 Rxb2 33. Rf4+ Ke6 34. Rh4 Rb1# 0-1

[Event "Junior Online 4NCL Division 5"]
[Site "online"]
[Date "2021.04.15"]
[EventDate "2021.04.15"]
[Round "7.114"]
[White "Tsitos, Konstantinos"]
[WhiteElo "738"]
[WhiteTeam "Desert Penguins Neptune"]
[Black "Cooney, Felipe"]
[BlackElo "700"]
[BlackTeam "St. Laurence's BNS 1"]
[Result "1-0"]
[PlyCount "61"]

1. d4 d5 2. c4 dxc4 3. e3 Nc6 4. Bxc4 Nf6 5. Nc3 Bd7 6. Nf3 e6 7. b3 Bb4 8. Bb2 Ne4 9. Rc1 O-O 10. O-O Nd6 11. a3 Nxc4 12. bxc4 Be7 13. Ne2 e5 14. dxe5 f6 15. exf6 Bxf6 16. Bxf6 Rxf6 17. Qd5+ Kh8 18. Rcd1 Rf7 19. Rd2 Qc8 20. Rfd1 Rb8 21. Qxf7 b5 22. cxb5 Rxb5 23. Qxd7 Qb8 24. Qxc6 Rb1 25. Rxb1 Qxb1+ 26. Qc1 Qxc1+ 27. Nxc1 Kg8 28. Rd8+ Kf7 29. Ne5+ Ke7 30. Rd7+ Ke6 31. f4 1-0

[Event "Junior Online 4NCL Division 5"]
[Site "online"]
[Date "2021.04.15"]
[EventDate "2021.04.15"]
[Round "7.115"]
[White "Nikolov, Alexander"]
[WhiteElo "1525"]
[WhiteTeam "Desert Penguins Neptune"]
[Black "Cooney, Lorcan"]
[BlackElo "1255"]
[BlackTeam "St. Laurence's BNS 1"]
[Result "1-0"]
[PlyCount "45"]

1. d4 d5 2. c4 e6 3. Nc3 Nf6 4. Bg5 c5 5. dxc5 Bxc5 6. cxd5 exd5 7. Bxf6 gxf6 8. Nxd5 Be6 9. Nc3 Qb6 10. Ne4 Bb4+ 11. Nd2 Ba5 12. Qc2 Nd7 13. a3 Qd6 14. b4 Bb6 15. Ngf3 Ne5 16. e3 Rc8 17. Ne4 Qe7 18. Qb2 Nxf3+ 19. gxf3 Kd7 20. Nxf6+ Kd6 21. Rd1+ Kc7 22. Qe5+ Kc6 23. b5# 1-0

[Event "Junior Online 4NCL Division 5"]
[Site "online"]
[Date "2021.04.15"]
[EventDate "2021.04.15"]
[Round "7.116"]
[White "Walsh, Conor"]
[WhiteElo "800"]
[WhiteTeam "St. Laurence's BNS 1"]
[Black "Xu, Owen"]
[BlackElo "1480"]
[BlackTeam "Desert Penguins Neptune"]
[Result "1-0"]
[PlyCount "59"]

1. d4 d5 2. c4 e6 3. Nc3 Nf6 4. Bf4 Be7 5. e3 O-O 6. Nf3 Nbd7 7. c5 a6 8. Bd3 b5 9. b4 Nh5 10. Be5 Nxe5 11. Nxe5 Nf6 12. O-O Bb7 13. Ne2 c6 14. Nf4 a5 15. a3 Ra7 16. Qf3 Qa8 17. Qh3 h6 18. Qg3 axb4 19. Nfg6 fxg6 20. Nxg6 Re8 21. Qc7 Bd8 22. Qg3 Rxa3 23. Rxa3 bxa3 24. Ra1 b4 25. Ne5 Bc7 26. Qg6 Bxe5 27. dxe5 Ne4 28. f3 Nf6 29. exf6 Kf8 30. Qxg7# 1-0

[Event "Junior Online 4NCL Division 5"]
[Site "online"]
[Date "2021.04.15"]
[EventDate "2021.04.15"]
[Round "7.117"]
[White "Donati Plutino, Francesco Rodolfo"]
[WhiteElo "993"]
[WhiteTeam "Desert Penguins Neptune"]
[Black "McAuley, Jamie"]
[BlackElo "700"]
[BlackTeam "St. Laurence's BNS 1"]
[Result "1-0"]
[PlyCount "51"]

1. d4 e5 2. dxe5 f6 3. exf6 Nxf6 4. Nf3 Bc5 5. h3 Ne4 6. e3 Bb4+ 7. Bd2 Bxd2+ 8. Nbxd2 Nxd2 9. Qxd2 O-O 10. Bc4+ Kh8 11. O-O c6 12. e4 b5 13. Bb3 c5 14. Bd5 Nc6 15. Rfe1 Bb7 16. Re2 Ba6 17. e5 b4 18. Re4 Bc8 19. Rae1 Rb8 20. e6 dxe6 21. Bxc6 Qxd2 22. Nxd2 Rf6 23. Nf3 Rg6 24. Rd1 Bb7 25. Bxb7 h6 26. Bc6 1-0

[Event "Junior Online 4NCL Division 5"]
[Site "online"]
[Date "2021.04.15"]
[EventDate "2021.04.15"]
[Round "7.118"]
[White "Cooney, Felipe"]
[WhiteElo "700"]
[WhiteTeam "St. Laurence's BNS 1"]
[Black "Tsitos, Konstantinos"]
[BlackElo "738"]
[BlackTeam "Desert Penguins Neptune"]
[Result "0-1"]
[PlyCount "44"]

1. e4 c5 2. Nc3 d6 3. Nf3 e6 4. Be2 Nc6 5. d3 Nf6 6. Be3 Be7 7. d4 O-O 8. d5 exd5 9. exd5 Ne5 10. O-O Nxf3+ 11. Bxf3 b6 12. Ne4 Bb7 13. Nxf6+ Bxf6 14. c4 Rc8 15. Bg4 Rb8 16. b3 a5 17. a4 Bc8 18. Ra2 Bxg4 19. Qxg4 Qc8 20. Qf3 Re8 21. Bf4 Qd7 22. Re1 Rxe1# 0-1

[Event "Junior Online 4NCL Division 5"]
[Site "online"]
[Date "2021.04.15"]
[EventDate "2021.04.15"]
[Round "7.121"]
[White "Patel, Thilak"]
[WhiteElo "1023"]
[WhiteTeam "Maidenhead Juniors 5"]
[Black "Patel, Ananya"]
[BlackElo "1501"]
[BlackTeam "Chess Challengers C"]
[Result "1-0"]
[PlyCount "41"]

1. e4 e5 2. Nf3 Nf6 3. Nxe5 Nc6 4. Nf3 Bc5 5. Nc3 d6 6. Bc4 Bg4 7. O-O Nd4 8. h3 Bh5 9. b3 O-O 10. Bb2 Bxf3 11. Qb1 Bxe4 12. Nxe4 Nxe4 13. f3 Nxd2 14. Qd1 Nxf1 15. Qxf1 Nxc2+ 16. Kh2 Nxa1 17. Bxa1 d5 18. Qd3 Bd6+ 19. Kg1 dxc4 20. Qc3 cxb3 21. Qxg7# 1-0

[Event "Junior Online 4NCL Division 5"]
[Site "online"]
[Date "2021.04.15"]
[EventDate "2021.04.15"]
[Round "7.122"]
[White "Papneja, Vedant"]
[WhiteElo "1410"]
[WhiteTeam "Chess Challengers C"]
[Black "Adhikari, Aanya"]
[BlackElo "1015"]
[BlackTeam "Maidenhead Juniors 5"]
[Result "1-0"]
[PlyCount "133"]

1. d4 d5 2. Bf4 Nc6 3. e3 Nf6 4. Nf3 Bg4 5. Nbd2 e6 6. h3 Bf5 7. c3 Bd6 8. Bxd6 Qxd6 9. Bb5 a6 10. Ba4 O-O 11. O-O b5 12. Bc2 Bxc2 13. Qxc2 h6 14. Rfe1 e5 15. dxe5 Nxe5 16. Rad1 Nfd7 17. Nxe5 Qxe5 18. Nf3 Qe6 19. e4 dxe4 20. Rxe4 Qc6 21. Nd4 Qg6 22. Nf3 Nc5 23. Re2 Qxc2 24. Rxc2 Rfe8 25. Rcd2 Ne4 26. Re2 Nf6 27. Rde1 Rxe2 28. Rxe2 Nd5 29. Re5 Nf6 30. Nd4 Rc8 31. Rc5 Nd7 32. Rc6 Nb8 33. Rc5 Nd7 34. Rd5 Nf6 35. Re5 Nd7 36. Re7 Nf6 37. Nc6 Nd5 38. Rd7 Nf6 39. Re7 Nd5 40. Re5 Nf6 41. Ne7+ Kh7 42. Nxc8 Nd7 43. Re7 Nf6 44. Rxc7 Kg8 45. Ra7 Nd5 46. Rxa6 Nc7 47. Rc6 Ne6 48. Rxe6 fxe6 49. Nd6 Kf8 50. Nxb5 Kf7 51. Kf1 Ke7 52. Ke2 Kd7 53. a4 Kc6 54. Kd2 Kc5 55. Kd3 Kd5 56. c4+ Kc5 57. a5 Kc6 58. a6 Kd7 59. a7 Ke7 60. a8=Q Kf6 61. Qf3+ Ke7 62. Nd4 Kd6 63. Qc6+ Ke7 64. Qxe6+ Kf8 65. Nf5 g5 66. Qe7+ Kg8 67. Qg7# 1-0

[Event "Junior Online 4NCL Division 5"]
[Site "online"]
[Date "2021.04.15"]
[EventDate "2021.04.15"]
[Round "7.123"]
[White "Markov, Tijana"]
[WhiteElo "1015"]
[WhiteTeam "Maidenhead Juniors 5"]
[Black "Sethi, Siddharth"]
[BlackElo "1416"]
[BlackTeam "Chess Challengers C"]
[Result "0-1"]
[PlyCount "30"]

1. e4 e5 2. Nf3 Nf6 3. Nxe5 Nc6 4. Nxc6 dxc6 5. Nc3 Bc5 6. Bc4 Qd4 7. Qe2 O-O 8. O-O Re8 9. d3 b5 10. Be3 Qd6 11. Bb3 a5 12. a4 Bb4 13. Bd2 Bc5 14. Be3 Ng4 15. Bxc5 Qxh2# 0-1

[Event "Junior Online 4NCL Division 5"]
[Site "online"]
[Date "2021.04.15"]
[EventDate "2021.04.15"]
[Round "7.124"]
[White "Zabotka, Motiejus"]
[WhiteElo "1488"]
[WhiteTeam "Chess Challengers C"]
[Black "Kota, Ashwath Kumar"]
[BlackElo "973"]
[BlackTeam "Maidenhead Juniors 5"]
[Result "1-0"]
[PlyCount "85"]

1. e4 e5 2. Nf3 Nc6 3. Bc4 Bc5 4. Nc3 Nf6 5. d3 O-O 6. Bg5 h6 7. Bh4 Bb4 8. a3 Bxc3+ 9. bxc3 Re8 10. O-O d6 11. h3 Be6 12. Bb3 a5 13. a4 b6 14. Re1 Kh8 15. d4 exd4 16. Nxd4 Nxd4 17. cxd4 Bxb3 18. cxb3 g5 19. e5 dxe5 20. dxe5 Qxd1 21. Raxd1 gxh4 22. exf6 Rxe1+ 23. Rxe1 Rd8 24. Re4 Rd6 25. Rf4 Kh7 26. b4 axb4 27. Rxb4 Rxf6 28. Rxh4 Rc6 29. Rf4 Kg6 30. g4 Rc1+ 31. Kg2 c5 32. Rf5 Rc4 33. Rd5 f6 34. Rd6 Rb4 35. Rc6 c4 36. Rc8 Kg7 37. Rc7+ Kg6 38. Rc6 Kg5 39. Kg3 Rb3+ 40. f3 c3 41. h4+ Kg6 42. h5+ Kg5 43. f4# 1-0

[Event "Junior Online 4NCL Division 5"]
[Site "online"]
[Date "2021.04.15"]
[EventDate "2021.04.15"]
[Round "7.125"]
[White "Patel, Ananya"]
[WhiteElo "1501"]
[WhiteTeam "Chess Challengers C"]
[Black "Patel, Thilak"]
[BlackElo "1023"]
[BlackTeam "Maidenhead Juniors 5"]
[Result "1-0"]
[PlyCount "33"]

1. e4 e5 2. f4 Nc6 3. Nf3 Bd6 4. Nc3 Nf6 5. Bc4 O-O 6. d3 h6 7. O-O b6 8. Bd5 Bb7 9. Bxc6 Bxc6 10. fxe5 Bb4 11. exf6 Bxc3 12. bxc3 Qxf6 13. Nd4 Rae8 14. Rxf6 gxf6 15. Qg4+ Kh7 16. Nf5 Re5 17. Qg7# 1-0

[Event "Junior Online 4NCL Division 5"]
[Site "online"]
[Date "2021.04.15"]
[EventDate "2021.04.15"]
[Round "7.126"]
[White "Adhikari, Aanya"]
[WhiteElo "1015"]
[WhiteTeam "Maidenhead Juniors 5"]
[Black "Papneja, Vedant"]
[BlackElo "1410"]
[BlackTeam "Chess Challengers C"]
[Result "0-1"]
[PlyCount "108"]

1. e4 c6 2. d4 d5 3. Nc3 dxe4 4. Nxe4 Nf6 5. Nxf6+ exf6 6. Nf3 Bd6 7. Be3 O-O 8. Bd3 Re8 9. O-O Nd7 10. Nd2 Nf8 11. Qf3 Qc7 12. Bxh7+ Nxh7 13. g3 Ng5 14. Bxg5 fxg5 15. Ne4 f6 16. Qh5 Bf5 17. Nxd6 Qxd6 18. Qf3 Bxc2 19. Rac1 Be4 20. Qb3+ Qd5 21. Qxd5+ Bxd5 22. a3 Re2 23. Rb1 Be4 24. Rbe1 Rxe1 25. Rxe1 Bd5 26. Re7 b5 27. Re2 Kf7 28. b4 Re8 29. Rxe8 Kxe8 30. Kf1 Ke7 31. Ke2 Ke6 32. Ke3 Kf5 33. f4 gxf4+ 34. gxf4 g5 35. fxg5 fxg5 36. Kf2 Ke4 37. Ke2 Kxd4 38. Kd2 Kc4 39. Kc2 Be4+ 40. Kb2 Kd3 41. Kc1 Ke2 42. Kb2 Kf2 43. Kc3 Kg2 44. Kd4 Bd5 45. Ke5 Kxh2 46. Kf5 Kg3 47. Kxg5 Kf3 48. Kf5 Ke3 49. Ke5 Kd3 50. Kd6 Kc3 51. Kc7 Kb3 52. Kb7 Kxa3 53. Kxa7 Kxb4 54. Kb6 c5 0-1

[Event "Junior Online 4NCL Division 5"]
[Site "online"]
[Date "2021.04.15"]
[EventDate "2021.04.15"]
[Round "7.127"]
[White "Sethi, Siddharth"]
[WhiteElo "1416"]
[WhiteTeam "Chess Challengers C"]
[Black "Markov, Tijana"]
[BlackElo "1015"]
[BlackTeam "Maidenhead Juniors 5"]
[Result "1/2-1/2"]
[PlyCount "107"]

1. e4 e5 2. Nc3 Nc6 3. Bc4 Bc5 4. Qg4 g6 5. Qf3 Nf6 6. Nd5 Nxd5 7. Bxd5 O-O 8. c3 d6 9. d3 Be6 10. Bb3 Bxb3 11. axb3 f5 12. Be3 Bxe3 13. fxe3 fxe4 14. Qxe4 Qf6 15. Nf3 Qf5 16. Qd5+ Qf7 17. Qxf7+ Rxf7 18. O-O Raf8 19. e4 a6 20. b4 Ra8 21. Ng5 Rxf1+ 22. Rxf1 Rc8 23. Ne6 b6 24. Kf2 Nd8 25. Nxd8 Rxd8 26. Ke3 Rf8 27. Rxf8+ Kxf8 28. d4 Kf7 29. d5 Kf6 30. Kd3 b5 31. h3 Kg5 32. g3 h5 33. Ke3 h4 34. g4 Kf6 35. Kf3 g5 36. Ke3 Ke7 37. Kd3 Kd8 38. Ke3 Kc8 39. Kd3 Kb7 40. c4 Kb6 41. cxb5 axb5 42. Kc3 c6 43. dxc6 Kxc6 44. Kd3 Kb6 45. Kc3 Kc6 46. b3 Kb6 47. Kd3 Kc6 48. Ke3 Kb6 49. Kf3 Kc6 50. Ke3 Kb6 51. Kf2 Kc6 52. Kg2 Kb6 53. Kf3 Kc6 54. Ke3 1/2-1/2

[Event "Junior Online 4NCL Division 5"]
[Site "online"]
[Date "2021.04.15"]
[EventDate "2021.04.15"]
[Round "7.128"]
[White "Kota, Ashwath Kumar"]
[WhiteElo "973"]
[WhiteTeam "Maidenhead Juniors 5"]
[Black "Zabotka, Motiejus"]
[BlackElo "1488"]
[BlackTeam "Chess Challengers C"]
[Result "1-0"]
[PlyCount "86"]

1. e4 c5 2. Nf3 Nc6 3. Nc3 Nf6 4. Bc4 e6 5. O-O d5 6. exd5 exd5 7. Bb5 Bd7 8. d4 c4 9. Bg5 a6 10. Bxc6 Bxc6 11. Ne5 Qd6 12. Re1 Be7 13. Bxf6 gxf6 14. Nxc6 Qxc6 15. Qe2 Qd6 16. Nxd5 O-O-O 17. Nxe7+ Kb8 18. Qxc4 Rhe8 19. Qxf7 Qxd4 20. Nc6+ bxc6 21. Rxe8 Kc8 22. Rae1 Qd7 23. Rxd8+ Kxd8 24. Qxd7+ Kxd7 25. f3 c5 26. Kf2 Kd6 27. Ke3 Kd5 28. Kd3 c4+ 29. Kc3 a5 30. Re4 f5 31. Rxc4 Ke5 32. Rc5+ Kf6 33. Rxa5 Kg5 34. g4 Kf4 35. Rxf5+ Ke3 36. a3 h5 37. gxh5 Kf2 38. Kd2 Kg2 39. Ke3 Kxh2 40. Rg5 Kh3 41. h6 Kh4 42. Rg1 Kh5 43. h7 Kh4 1-0

[Event "Junior Online 4NCL Division 5"]
[Site "online"]
[Date "2021.04.15"]
[EventDate "2021.04.15"]
[Round "7.131"]
[White "Topping, Rachel"]
[WhiteElo "1097"]
[WhiteTeam "Manchester Juniors F"]
[Black "Reeves, Hollyann"]
[BlackElo "1581"]
[BlackTeam "Wolfpack Juniors"]
[Result "1/2-1/2"]
[PlyCount "119"]

1. e4 e5 2. Nf3 Nc6 3. Nc3 Bc5 4. Bc4 Nf6 5. O-O d6 6. h3 O-O 7. d3 h6 8. a3 Nd4 9. Be3 Nxf3+ 10. Qxf3 Be6 11. Bxe6 fxe6 12. Qg3 Bxe3 13. Qxe3 Qe7 14. Rad1 b6 15. Ne2 Rad8 16. d4 c5 17. c3 exd4 18. cxd4 d5 19. b4 cxd4 20. Nxd4 Rd7 21. Nc6 Qd6 22. Nd4 Nxe4 23. f3 Ng3 24. Rf2 e5 25. Nb5 Qc6 26. Qxe5 Qxb5 27. Qxg3 a5 28. Qe5 axb4 29. axb4 Qxb4 30. Qe6+ Rdf7 31. Rxd5 Qb3 32. Kh2 Kh7 33. Qe4+ g6 34. Rd6 Rf4 35. Qxg6+ Kh8 36. Qxh6+ Kg8 37. Rg6+ Kf7 38. Qxf4+ Kxg6 39. Qxf8 b5 40. Qd6+ Kf7 41. Qf4+ Kg6 42. Re2 Qf7 43. Qg3+ Kf5 44. Re5+ Kf6 45. Rxb5 Qg6 46. Rg5 Qxg5 47. Qxg5+ Kxg5 48. Kg3 Kf5 49. h4 Kg6 50. Kg4 Kh6 51. f4 Kh7 52. Kg5 Kg7 53. h5 Kh7 54. f5 Kg7 55. h6+ Kh7 56. f6 Kg8 57. Kg6 Kh8 58. g4 Kg8 59. h7+ Kh8 60. Kh6 1/2-1/2

[Event "Junior Online 4NCL Division 5"]
[Site "online"]
[Date "2021.04.15"]
[EventDate "2021.04.15"]
[Round "7.132"]
[White "Marsden, Rupert"]
[WhiteElo "1465"]
[WhiteTeam "Wolfpack Juniors"]
[Black "Sheehy, Lewis"]
[BlackElo "1076"]
[BlackTeam "Manchester Juniors F"]
[Result "0-1"]
[PlyCount "118"]

1. e4 d6 2. Bc4 Nf6 3. d3 g6 4. Nf3 Bg7 5. Bg5 h6 6. Bh4 Nc6 7. Nc3 Nh5 8. Qd2 g5 9. Bg3 Nxg3 10. hxg3 Be6 11. Bxe6 fxe6 12. O-O-O Qd7 13. Nxg5 hxg5 14. Qxg5 Rxh1 15. Rxh1 Bf8 16. Qg6+ Kd8 17. Rh8 Qe8 18. Qg8 Kd7 19. f4 Bg7 20. Qxe8+ Rxe8 21. Rh7 Bxc3 22. bxc3 d5 23. exd5 exd5 24. d4 Rg8 25. Rh3 e6 26. Kd2 Ne7 27. Ke3 Nf5+ 28. Kf3 b6 29. g4 Nd6 30. Kg3 Ne4+ 31. Kf3 Nxc3 32. g5 Nxa2 33. Kg4 Nb4 34. Kh5 Rh8+ 35. Kg6 Rxh3 36. gxh3 Nc6 37. h4 Ne7+ 38. Kg7 Nf5+ 39. Kg6 Nxh4+ 40. Kf6 Nf5 41. g6 a5 42. g7 Nxg7 43. Kxg7 a4 44. Kf6 a3 45. Ke5 a2 46. f5 exf5 47. Kxf5 Kd6 48. c4 dxc4 49. d5 a1=Q 50. Ke4 Qc3 51. Kf5 Qd3+ 52. Kf4 Qxd5 53. Ke3 Qd3+ 54. Kf4 c3 55. Kg4 c2 56. Kh5 c1=Q 57. Kg4 Qcf1 58. Kg5 Qg3+ 59. Kh5 Qh1# 0-1

[Event "Junior Online 4NCL Division 5"]
[Site "online"]
[Date "2021.04.15"]
[EventDate "2021.04.15"]
[Round "7.133"]
[White "Pearson, Matt D"]
[WhiteElo "1035"]
[WhiteTeam "Manchester Juniors F"]
[Black "Jayaprakash, Arnav"]
[BlackElo "1487"]
[BlackTeam "Wolfpack Juniors"]
[Result "0-1"]
[PlyCount "28"]

1. e4 e6 2. Nc3 d5 3. exd5 exd5 4. d4 Nf6 5. Bf4 Bb4 6. a3 Ba5 7. b4 Bb6 8. Nb5 O-O 9. a4 a6 10. Nc3 Re8+ 11. Be2 Ne4 12. Bf3 Nxc3+ 13. Qe2 Nxe2 14. Bxe2 Bxd4 0-1

[Event "Junior Online 4NCL Division 5"]
[Site "online"]
[Date "2021.04.15"]
[EventDate "2021.04.15"]
[Round "7.134"]
[White "Harris, Callum"]
[WhiteElo "1383"]
[WhiteTeam "Wolfpack Juniors"]
[Black "Govindu, Aashrith Reddy"]
[BlackElo "989"]
[BlackTeam "Manchester Juniors F"]
[Result "1-0"]
[PlyCount "37"]

1. e4 e5 2. Nf3 Nf6 3. Nxe5 Nxe4 4. Qe2 f5 5. d3 Ng5 6. Nc6+ Ne6 7. Nxd8 Bb4+ 8. c3 Be7 9. Nxe6 dxe6 10. g3 Bd7 11. Bg2 Nc6 12. O-O Bf6 13. Be3 Be5 14. Bc5 Bd6 15. Bxc6 Bxc6 16. Qxe6+ Kd8 17. Bxd6 b5 18. Qe7+ Kc8 19. Qxc7# 1-0

[Event "Junior Online 4NCL Division 5"]
[Site "online"]
[Date "2021.04.15"]
[EventDate "2021.04.15"]
[Round "7.135"]
[White "Reeves, Hollyann"]
[WhiteElo "1581"]
[WhiteTeam "Wolfpack Juniors"]
[Black "Topping, Rachel"]
[BlackElo "1097"]
[BlackTeam "Manchester Juniors F"]
[Result "1-0"]
[PlyCount "97"]

1. e4 e5 2. Nf3 Nc6 3. Bc4 Nf6 4. Nc3 Bc5 5. d3 h6 6. O-O d6 7. h3 O-O 8. Nd5 Be6 9. Nxf6+ Qxf6 10. Bxe6 Qxe6 11. Be3 Nd4 12. c3 Nxf3+ 13. Qxf3 f5 14. Bxc5 fxe4 15. Qxe4 dxc5 16. Qxb7 Rab8 17. Qxc7 Rxb2 18. Qxc5 Qf5 19. Qc4+ Kh7 20. Qe4 g6 21. Qxf5 Rxf5 22. Rab1 Rd2 23. f3 h5 24. Rb7+ Kh6 25. Rxa7 Rxd3 26. Ra3 Rd6 27. c4 Rdf6 28. c5 e4 29. Rc3 g5 30. c6 g4 31. hxg4 hxg4 32. c7 exf3 33. gxf3 gxf3 34. Rfxf3 Rg6+ 35. Kf2 Ra5 36. a3 Rd5 37. c8=Q Rd2+ 38. Ke3 Rdg2 39. Rh3+ Kg7 40. Qd7+ Kf6 41. Rc6+ Ke5 42. Rh5+ R6g5 43. Rxg5+ Rxg5 44. Rc5+ Kf6 45. Qd6+ Kf7 46. Rxg5 Ke8 47. Qa6 Kd7 48. Rg7+ Kd8 49. Qa8# 1-0

[Event "Junior Online 4NCL Division 5"]
[Site "online"]
[Date "2021.04.15"]
[EventDate "2021.04.15"]
[Round "7.136"]
[White "Sheehy, Lewis"]
[WhiteElo "1076"]
[WhiteTeam "Manchester Juniors F"]
[Black "Marsden, Rupert"]
[BlackElo "1465"]
[BlackTeam "Wolfpack Juniors"]
[Result "0-1"]
[PlyCount "68"]

1. d4 e5 2. dxe5 Bc5 3. Bf4 d6 4. exd6 Ne7 5. dxc7 Bxf2+ 6. Kxf2 Qxd1 7. cxb8=Q Rxb8 8. Bxb8 Qxc2 9. Nf3 f6 10. Bxa7 Nc6 11. Nd4 Qxb2 12. Nb3 Nxa7 13. g3 Be6 14. N1d2 Bxb3 15. Nxb3 Nc6 16. Bg2 O-O 17. Bd5+ Kh8 18. Bxc6 bxc6 19. Rhb1 Qc2 20. Nd4 Qc5 21. e3 h6 22. Ne6 Qf5+ 23. Nf4 g5 24. g4 Qc2+ 25. Ne2 f5 26. h3 fxg4+ 27. Ke1 gxh3 28. Nd4 Qf2+ 29. Kd1 Qxe3 30. Ne2 Rf1+ 31. Kc2 Qxe2+ 32. Kb3 Rf3+ 33. Ka4 Qa6+ 34. Kb4 Qb5# 0-1

[Event "Junior Online 4NCL Division 5"]
[Site "online"]
[Date "2021.04.15"]
[EventDate "2021.04.15"]
[Round "7.137"]
[White "Jayaprakash, Arnav"]
[WhiteElo "1487"]
[WhiteTeam "Wolfpack Juniors"]
[Black "Pearson, Matt D"]
[BlackElo "1035"]
[BlackTeam "Manchester Juniors F"]
[Result "1-0"]
[PlyCount "33"]

1. e4 e5 2. Nf3 Nc6 3. Bc4 Bc5 4. Nc3 Nf6 5. d3 d6 6. Bg5 h6 7. Bh4 g5 8. Bg3 h5 9. Nxg5 h4 10. Nxf7 Qe7 11. Nxh8 hxg3 12. hxg3 Qg7 13. Nf7 Bg4 14. Qd2 Nb4 15. Rh8+ Qxh8 16. Nxh8 Ke7 17. Ng6+ 1-0